000 01138cam a22002654a 4500
999 _c25834
_d25834
001 16214958
003 OSt
005 20170201122119.0
008 100503s2011 maua b 001 0 eng
010 _a 2010018237
020 _a9780137048779
020 _a0137048777
040 _aDLC
_cDLC
050 0 0 _aPN1009.A1
_bC5118 2011
082 0 0 _a809/.89282
_222
100 1 _aTemple, Charles A.,
_d1947-
245 1 0 _aChildren's books in children's hands :
_ban introduction to their literature /
_cCharles Temple, Miriam Martinez, Junko Yokota ; with contribution by Evelyn B. Freeman.
260 _aBoston :
_bPearson,
_c2011.
300 _axxviii, 572., [1] folder leaf :
_bill., (some col.) ;
_c28 cm
504 _aIncludes bibliographical references and index.
650 0 _aChildren's literature
_xHistory and criticism.
700 1 _aMartinez, Miriam G.,
_d1948-
700 1 _aYokota, Junko.
906 _a7
_bcbc
_corignew
_d1
_eecip
_f20
_gy-gencatlg
942 _2lcc
_cBOOKS
_hPN 1009 .A1T46 2011